<?xml version="1.0" encoding="UTF-8"?>
<record
    xmlns:xsi="http://www.w3.org/2001/XMLSchema-instance"
    xsi:schemaLocation="http://www.loc.gov/MARC21/slim http://www.loc.gov/standards/marcxml/schema/MARC21slim.xsd"
    xmlns="http://www.loc.gov/MARC21/slim">

  <leader>01003nam a2200265 a 4500</leader>
  <controlfield tag="001">BRCA_7120</controlfield>
  <controlfield tag="005">20190320205723.0</controlfield>
  <controlfield tag="008">301211s1890----enkabb####---#000-0#eng-#</controlfield>
  <datafield tag="041" ind1=" " ind2=" ">
    <subfield code="a">eng</subfield>
  </datafield>
  <datafield tag="044" ind1=" " ind2=" ">
    <subfield code="a">enk</subfield>
  </datafield>
  <datafield tag="050" ind1=" " ind2="4">
    <subfield code="a">PR2916</subfield>
    <subfield code="b">.L3 1890</subfield>
  </datafield>
  <datafield tag="100" ind1="1" ind2=" ">
    <subfield code="a">Lee, Sidney</subfield>
    <subfield code="c">Sir</subfield>
    <subfield code="d">1859-1926</subfield>
    <subfield code="9">17696</subfield>
  </datafield>
  <datafield tag="245" ind1="1" ind2="0">
    <subfield code="a">Stratford-on-Avon</subfield>
    <subfield code="b">from the earliest times to the death of Shakespeare</subfield>
    <subfield code="c">by Sidney Lee wiyh forty-five illustrations by Edward Hull</subfield>
  </datafield>
  <datafield tag="260" ind1=" " ind2=" ">
    <subfield code="a">Londres : Nueva York</subfield>
    <subfield code="b">Seeley and Co. Limited, Essex Strett : Macmillan &amp; Co.</subfield>
    <subfield code="c">1890</subfield>
  </datafield>
  <datafield tag="300" ind1=" " ind2=" ">
    <subfield code="a">viii, 304 p.</subfield>
    <subfield code="b">il., 1 mapa</subfield>
    <subfield code="c">19 cm.</subfield>
  </datafield>
  <datafield tag="500" ind1=" " ind2=" ">
    <subfield code="a">Edici&#xF3;n con cantos dorados</subfield>
  </datafield>
  <datafield tag="500" ind1=" " ind2=" ">
    <subfield code="a">Ex libris de: William Hartmann Woodin</subfield>
  </datafield>
  <datafield tag="500" ind1=" " ind2=" ">
    <subfield code="a">O150</subfield>
  </datafield>
  <datafield tag="600" ind1="1" ind2="4">
    <subfield code="a">Shakespeare, William</subfield>
    <subfield code="d">1564-1616</subfield>
    <subfield code="x">Casas y lugares</subfield>
    <subfield code="z">Inglaterra</subfield>
    <subfield code="9">17697</subfield>
  </datafield>
  <datafield tag="650" ind1="1" ind2="4">
    <subfield code="a">Dramaturgos ingleses</subfield>
    <subfield code="x">Casas y lugares</subfield>
    <subfield code="z">Inglaterra</subfield>
    <subfield code="9">17698</subfield>
  </datafield>
  <datafield tag="651" ind1=" " ind2="4">
    <subfield code="a">Stratford-upon-Avon (Inglaterra)</subfield>
    <subfield code="x">Historia</subfield>
    <subfield code="9">17699</subfield>
  </datafield>
  <datafield tag="700" ind1="1" ind2=" ">
    <subfield code="a">Hull, Edward</subfield>
    <subfield code="e">il.</subfield>
    <subfield code="9">17700</subfield>
  </datafield>
  <datafield tag="902" ind1=" " ind2=" ">
    <subfield code="a">GFM</subfield>
  </datafield>
  <datafield tag="942" ind1=" " ind2=" ">
    <subfield code="2">lcc</subfield>
    <subfield code="c">B</subfield>
  </datafield>
  <datafield tag="999" ind1=" " ind2=" ">
    <subfield code="c">6801</subfield>
    <subfield code="d">6801</subfield>
  </datafield>
  <datafield tag="952" ind1=" " ind2=" ">
    <subfield code="0">0</subfield>
    <subfield code="1">0</subfield>
    <subfield code="4">0</subfield>
    <subfield code="7">0</subfield>
    <subfield code="a">BRCA</subfield>
    <subfield code="b">BRCA</subfield>
    <subfield code="d">2011-12-30</subfield>
    <subfield code="i">O150</subfield>
    <subfield code="l">0</subfield>
    <subfield code="o">PR2916 .L3 1890 (O150)</subfield>
    <subfield code="p">7567</subfield>
    <subfield code="r">2019-03-22 00:00:00</subfield>
    <subfield code="w">2019-03-22</subfield>
    <subfield code="y">B</subfield>
  </datafield>
</record>
